All Antelopes - Statistics

General Stats
  • This quiz has been taken 40 times
  • The average score is 37 of 145
Answer Stats
Subfamily Genus Species Common Name % Correct
Bovinae Bos taurus Cattle
72%
Antilopinae Antidorcas marsupialis Springbok
72%
Bovinae Bison bison American Bison
66%
Hippotraginae Oryx leucoryx Arabian Oryx
66%
Alcelaphinae Connochaetes taurinus Blue Wildebeest
66%
Caprinae Ovis aries Domestic Sheep
62%
Bovinae Bubalus bubalis Domestic Water Buffalo
62%
Aepycerotinae Aepyceros melampus Impala
62%
Bovinae Bubalus arnee Wild Water Buffalo
62%
Antilopinae Nanger dama Dama Gazelle
59%
Caprinae Capra hircus Domestic Goat
59%
Antilopinae Procapra picticaudata Tibetan Gazelle
59%
Bovinae Syncerus caffer African Buffalo
55%
Bovinae Bison bonasus European Bison
55%
Antilopinae Eudorcas thomsonii Thomson's Gazelle
55%
Hippotraginae Addax nasomaculatus Addax
52%
Antilopinae Gazella arabica Arabian Gazelle
52%
Bovinae Taurotragus oryx Common Eland
52%
Bovinae Tragelaphus strepsiceros Greater Kudu
52%
Bovinae Boselaphus tragocamelus Nilgai
52%
Bovinae Tragelaphus imberbis Lesser Kudu
48%
Caprinae Oreamnos americanus Mountain Goat
48%
Antilopinae Saiga tatarica Saiga
48%
Hippotraginae Oryx dammah Scimitar Oryx
48%
Antilopinae Antilope cervicapra Blackbuck
45%
Alcelaphinae Connochaetes gnou Black Wildebeest
45%
Caprinae Ovis dalli Dall Sheep
45%
Bovinae Bos gaurus Gaur
45%
Antilopinae Nanger granti Grant's Gazelle
45%
Bovinae Tragelaphus angasii Nyala
45%
Antilopinae Gazella dorcas Dorcas Gazelle
41%
Oreotraginae Oreotragus oreotragus Klipspringer
41%
Reduncinae Kobus kob Kob
41%
Reduncinae Kobus leche Lechwe
41%
Hippotraginae Hippotragus niger Sable Antelope
41%
Caprinae Ovis nivicola Snow Sheep
41%
Caprinae Ovis canadensis Bighorn Sheep
38%
Bovinae Tragelaphus eurycerus Bongo
38%
Antilopinae Gazella cuvieri Cuvier's Gazelle
38%
Hippotraginae Oryx gazella Gemsbok
38%
Bovinae Taurotragus derbianus Giant Eland
38%
Alcelaphinae Alcelaphus buselaphus Hartebeest
38%
Caprinae Capra ibex Alpine Ibex
34%
Bovinae Bos grunniens Domestic Yak
34%
Antilopinae Litocranius walleri Gerenuk
34%
Caprinae Capra nubiana Nubian Ibex
34%
Reduncinae Kobus ellipsiprymnus Waterbuck
34%
Cephalophinae Cephalophus zebra Zebra Duiker
34%
Cephalophinae Philantomba monticola Blue Duiker
31%
Hippotraginae Oryx beisa East African Oryx
31%
Caprinae Capra pyrenaica Iberian Ibex
31%
Caprinae Ovibos moschatus Muskox
31%
Bovinae Tragelaphus sylvaticus Cape Bushbuck
28%
Antilopinae Ammodorcas clarkei Dibatag
28%
Antilopinae Procapra przewalskii Przewalski's gazelle
28%
Caprinae Capra sibirica Siberian Ibex
28%
Caprinae Rupicapra rupicapra Alpine Chamois
24%
Cephalophinae Sylvicapra grimmia Common Duiker
24%
Caprinae Ovis gmelini Mouflon
24%
Cephalophinae Cephalophus natalensis Natal Duiker
24%
Antilopinae Nanger soemmerringii Soemmerring's Gazelle
24%
Antilopinae Gazella spekei Speke's Gazelle
24%
Bovinae Bos mutus Wild Yak
24%
Antilopinae Gazella bennettii Chinkara
21%
Alcelaphinae Beatragus hunteri Hirola
21%
Antilopinae Madoqua kirkii Kirk's Dik-dik
21%
Nesotraginae Nesotragus batesi Pygmy Antelope
21%
Bovinae Pseudoryx nghetinhensis Saola
21%
Caprinae Budorcas taxicolor Takin
21%
Caprinae Pantholops hodgsonii Tibetan Antelope
21%
Caprinae Capra aegagrus Wild Goat
21%
Cephalophinae Cephalophus adersi Aders's Duiker
17%
Bovinae Bos javanicus Banteng
17%
Caprinae Ammotragus lervia Barbary Sheep
17%
Cephalophinae Cephalophus niger Black Duiker
17%
Cephalophinae Cephalophus nigrifrons Black-fronted Duiker
17%
Caprinae Capricornis crispus Japanese Serow
17%
Caprinae Capricornis sumatraensis Mainland Serow
17%
Reduncinae Kobus megaceros Nile Lechwe
17%
Caprinae Rupicapra pyrenaica Pyrenean Chamois
17%
Antilopinae Neotragus pygmaeus Royal Antelope
17%
Cephalophinae Cephalophus silvicultor Yellow-backed Duiker
17%
Bovinae Bos indicus Zebu
17%
Caprinae Ovis ammon Argali
14%
Caprinae Pseudois nayaur Bharal
14%
Alcelaphinae Damaliscus pygargus Bontebok
14%
Cephalophinae Cephalophus brookei Brooke's Duiker
14%
Cephalophinae Cephalophus harveyi Harvey's duiker
14%
Caprinae Hemitragus jemlahicus Himalayan Tahr
14%
Cephalophinae Cephalophus jentinki Jentink's Duiker
14%
Caprinae Capra falconeri Markhor
14%
Cephalophinae Philantomba maxwellii Maxwell's Duiker
14%
Antilopinae Gazella gazella Mountain Gazelle
14%
Bovinae Tragelaphus buxtoni Mountain Nyala
14%
Antilopinae Eudorcas rufifrons Red-fronted Gazelle
14%
Caprinae Capricornis rubidus Red Serow
14%
Hippotraginae Hippotragus equinus Roan Antelope
14%
Antilopinae Madoqua saltiana Salt's Dik-dik
14%
Bovinae Tragelaphus spekii Sitatunga
14%
Antilopinae Raphicerus campestris Steenbok
14%
Bovinae Bubalus mindorensis Tamaraw
14%
Alcelaphinae Damaliscus lunatus Topi / Tsessebe
14%
Caprinae Capra walie Walia Ibex
14%
Cephalophinae Philantomba walteri Walter's Duiker
14%
Caprinae Arabitragus jayakari Arabian Tahr
10%
Antilopinae Dorcatragus megalotis Beira
10%
Antilopinae Raphicerus melanotis Cape Grysbok
10%
Caprinae Capra cylindricornis East Caucasian Tur
10%
Bovinae Tetracerus quadricornis Four-horned Antelope
10%
Antilopinae Gazella subgutturosa Goitered Gazelle
10%
Antilopinae Madoqua guentheri Günther's Dik-dik
10%
Bovinae Bubalus depressicornis Lowland Anoa
10%
Antilopinae Procapra gutturosa Mongolian Gazelle
10%
Reduncinae Redunca fulvorufula Mountain Reedbuck
10%
Cephalophinae Cephalophus ogilbyi Ogilby's Duiker
10%
Antilopinae Ourebia ourebi Oribi
10%
Reduncinae Kobus vardonii Puku
10%
Cephalophinae Cephalophus rufilatus Red-flanked Duiker
10%
Reduncinae Redunca arundinum Southern Reedbuck
10%
Nesotraginae Nesotragus moschatus Suni
10%
Caprinae Capricornis swinhoei Taiwanese Serow
10%
Caprinae Capra caucasica West Caucasian Tur
10%
Cephalophinae Cephalophus weynsi Weyns's Duiker
10%
Cephalophinae Cephalophus leucogaster White-bellied Duiker
10%
Caprinae Naemorhedus caudatus Amur Goral
7%
Reduncinae Redunca redunca Bohor Reedbuck
7%
Caprinae Naemorhedus griseus Chinese goral
7%
Bovinae Bos frontalis Gayal
7%
Reduncinae Pelea capreolus Grey Rhebok
7%
Bovinae Tragelaphus scriptus Harnessed Bushbuck
7%
Caprinae Naemorhedus goral Himalayan Goral
7%
Antilopinae Eudorcas albonotata Mongalla Gazelle
7%
Bovinae Bubalus quarlesi Mountain Anoa
7%
Caprinae Nilgiritragus hylocrius Nilgiri Tahr
7%
Caprinae Naemorhedus baileyi Red Goral
7%
Antilopinae Gazella leptoceros Rhim Gazelle
7%
Antilopinae Raphicerus sharpei Sharpe's Grysbok
7%
Antilopinae Madoqua piacentinii Silver Dik-dik
7%
Caprinae Ovis vignei Urial
7%
Cephalophinae Cephalophus spadix Abbott's Duiker
3%
Cephalophinae Cephalophus dorsalis Bay Duiker
3%
Antilopinae Eudorcas tilonura Eritrean Gazelle
3%
Cephalophinae Cephalophus callipygus Peter's Duiker
3%
Cephalophinae Cephalophus rubidus Ruwenzori Duiker
3%
Cephalophinae Cephalophus crusalbum White-legged Duiker
3%
No matching quizzes found
Score Distribution
Percent of People with Each Score
Percentile by Number Answered
Your Score History
You have not taken this quiz